Thủ thuật lập trình Java : Viết một lần - Chạy mọi nơi
Gespeichert in:
| 1. Verfasser: | |
|---|---|
| Format: | Buch |
| Sprache: | Undetermined |
| Veröffentlicht: |
Hà Nội
Giao Thông- Vận Tải
2004
|
| Schlagworte: | |
| Tags: |
Tag hinzufügen
Keine Tags, Fügen Sie den ersten Tag hinzu!
|
| Thư viện lưu trữ: | Trung tâm Học liệu Trường Đại học Cần Thơ |
|---|
| LEADER | 00667nam a2200205Ia 4500 | ||
|---|---|---|---|
| 001 | CTU_87694 | ||
| 008 | 210402s9999 xx 000 0 und d | ||
| 020 | |c 185000 | ||
| 082 | |a 005.133 | ||
| 082 | |b Th107 | ||
| 100 | |a Phạm, Phương Thanh | ||
| 245 | 0 | |a Thủ thuật lập trình Java : | |
| 245 | 0 | |b Viết một lần - Chạy mọi nơi | |
| 245 | 0 | |c Phạm Phương Thanh, Nguyễn Thanh Tuấn | |
| 260 | |a Hà Nội | ||
| 260 | |b Giao Thông- Vận Tải | ||
| 260 | |c 2004 | ||
| 650 | |a Java ( computer program language ),Software engineering | ||
| 904 | |i M.Loan | ||
| 980 | |a Trung tâm Học liệu Trường Đại học Cần Thơ | ||